000
00456nam a2200181Ia 4500
008
151018s9999 xx 000 0 und d
082
_b
RBASDV18744
_a
891.463
100
_a
बाबा कदम
245
_a
भालू
250
_b
3
260
_b
शशिदीप
_c
1985
300
_a
210
600
_a
बाबा कदम
630
_a
भालू
700
_a
बाबा कदम
730
_a
भालू
942
_c
BOOK
999
_c
1019392
_d
1019389